Toutes les matières au collège en France en moyenne avec facultatives - Statistiques

Statistiques générales
  • Ce quiz a été pris 63 fois
  • Le résultat moyen est 11 sur 14
Statistiques - réponses
Nombre d'heure Matière % Correct
3H Anglais
98%
4H30 Français
98%
4H Mathématiques
98%
2H Espagnol
95%
3H EPS
89%
3H Histoire-Géo
89%
1H Physique-Chimie
86%
2H Allemand
84%
1H SVT
84%
1H Musique
75%
1H Technologie
64%
2H Latin
59%
1H Art plastiques
52%
2H Grec
30%
Aucun quiz correspondant
Distribution des résultats
% des personnes avec chaque résultat
Percentile par nombre de réponses
Votre historique - résultats
Vous n’avez pas pris ce quiz